[Event "Titled Tuesday intern op 30th May Late"]
[Site "Chess.com INT"]
[Date "2023.05.30"]
[Round "4"]
[White "Zaitsev, Alexander"]
[Black "Arabidze, Meri"]
[Result "0-1"]
[WhiteElo "2473"]
[BlackElo "2441"]
[PlyCount "82"]
[EventDate "2023.05.30"]
[EventType "swiss (blitz)"]
[EventRounds "11"]
[EventCountry "USA"]
[SourceTitle "CBM 214 Extra"]
[Source "ChessBase"]
[SourceDate "2023.07.31"]
[SourceVersion "1"]
[SourceVersionDate "2023.07.31"]
[SourceQuality "1"]

1. e4 c5 2. Nf3 e6 3. g3 Nc6 4. Bg2 Nf6 5. Qe2 e5 6. 0-0 d6 7. Nc3 Be7 8. Nd5 0-0 9. c3 Be6 10. Ne1 Re8 11. Nc2 Bf8 12. Nxf6+ Qxf6 13. Ne3 Qd8 14. d3 Qd7 15. f4 f6 16. f5 Bf7 17. g4 Ne7 18. c4 Nc6 19. h4 Nd4 20. Qf2 b5 21. g5 Bh5 22. Re1 Rab8 23. Nd5 Qf7 24. Kh2 Kh8 25. Be3 bxc4 26. dxc4 Be7 27. Bxd4 cxd4 28. b3 fxg5 29. Bf3 Bxf3 30. Qxf3 gxh4 31. Nc7 Bg5 32. Nxe8 Rxe8 33. Rg1 Bf4+ 34. Kh3 Bg3 35. Rgc1 g5 36. c5 Rg8 37. Kg2 g4 38. Qd3 Bf4 39. Rc2 h3+ 40. Kh1 g3 41. cxd6 g2+ 0-1

[Event "Titled Tuesday intern op 30th May Early"]
[Site "Chess.com INT"]
[Date "2023.05.30"]
[Round "8"]
[White "Zaitsev, Alexander"]
[Black "Dilmukhametov, Artur"]
[Result "1/2-1/2"]
[WhiteElo "2473"]
[BlackElo "2276"]
[PlyCount "130"]
[EventDate "2023.05.30"]
[EventType "swiss (blitz)"]
[EventRounds "11"]
[EventCountry "USA"]
[SourceTitle "CBM 214 Extra"]
[Source "ChessBase"]
[SourceDate "2023.07.31"]
[SourceVersion "1"]
[SourceVersionDate "2023.07.31"]
[SourceQuality "1"]

1. e4 e5 2. Nc3 Bb4 3. Bc4 Nf6 4. Nge2 0-0 5. 0-0 d6 6. d3 Be6 7. Bg5 c6 8. Kh1 Bxc4 9. dxc4 Nbd7 10. a3 Bxc3 11. Nxc3 Qb6 12. b4 Qd4 13. Qd3 a5 14. Rad1 axb4 15. axb4 Ra3 16. Qxd4 exd4 17. Nb1 Ra2 18. Rxd4 Rxc2 19. Rxd6 Nxe4 20. Rxd7 Nxg5 21. c5 Rb8 22. Re1 Ne4 23. h3 Rxf2 24. Rxe4 Rf1+ 25. Kh2 Rxb1 26. Rxb7 Rf8 27. Ree7 g6 28. Rec7 Kg7 29. Rxc6 Re8 30. Rcc7 Rf1 31. Re7 Rd8 32. c6 Rdd1 33. c7 Rh1+ 34. Kg3 Rd3+ 35. Kf2 Rc1 36. b5 h5 37. b6 h4 38. Rb8 Rdc3 39. Ree8 R3c2+ 40. Re2 Rc6 41. Rd8 g5 42. b7 Rf6+ 43. Ke3 Re6+ 44. Kd2 Rxc7 45. Rxe6 Rxb7 46. Red6 Rb2+ 47. Ke3 Rxg2 48. Rd3 Kg6 49. Ke4 f5+ 50. Ke5 Re2+ 51. Kd5 g4 52. Rd6+ Kg5 53. hxg4 fxg4 54. Kd4 h3 55. Re3 Rxe3 56. Kxe3 Kh4 57. Rh6+ Kg3 58. Ke2 Kg2 59. Ke3 g3 60. Kf4 h2 61. Kg4 Kf2 62. Rh3 h1Q 63. Rxh1 g2 64. Rh2 Kf1 65. Rxg2 Kxg2 1/2-1/2

[Event "Titled Tuesday intern op 30th May Late"]
[Site "Chess.com INT"]
[Date "2023.05.30"]
[Round "9"]
[White "Zaitsev, Alexander"]
[Black "Golubev, Mikhail"]
[Result "1-0"]
[WhiteElo "2473"]
[BlackElo "2461"]
[PlyCount "67"]
[EventDate "2023.05.30"]
[EventType "swiss (blitz)"]
[EventRounds "11"]
[EventCountry "USA"]
[SourceTitle "CBM 214 Extra"]
[Source "ChessBase"]
[SourceDate "2023.07.31"]
[SourceVersion "1"]
[SourceVersionDate "2023.07.31"]
[SourceQuality "1"]

1. e4 c5 2. Nf3 d6 3. d4 Nf6 4. Nc3 cxd4 5. Qxd4 Nc6 6. Bb5 Bd7 7. Bxc6 Bxc6 8. Bg5 e6 9. 0-0-0 Be7 10. Rhe1 0-0 11. Kb1 Qa5 12. Qd2 Rfc8 13. Nd4 Be8 14. Nd5 Qxd2 15. Nxe7+ Kf8 16. Bxd2 Kxe7 17. Bb4 a5 18. Ba3 b5 19. c3 Ng4 20. f3 Ne5 21. b3 b4 22. cxb4 a4 23. Kb2 axb3 24. axb3 g5 25. b5 Rd8 26. g3 Kf6 27. f4 gxf4 28. gxf4 Ng6 29. Bxd6 Ra7 30. Nc6 Bxc6 31. bxc6 Rc8 32. Rc1 e5 33. f5 Nf4 34. Re3 1-0

[Event "Titled Tuesday intern op 30th May Early"]
[Site "Chess.com INT"]
[Date "2023.05.30"]
[Round "2"]
[White "Zaitsev, Alexander"]
[Black "Kriti, Mayur Patel"]
[Result "1-0"]
[WhiteElo "2473"]
[BlackElo "1460"]
[PlyCount "111"]
[EventDate "2023.05.30"]
[EventType "swiss (blitz)"]
[EventRounds "11"]
[EventCountry "USA"]
[SourceTitle "CBM 214 Extra"]
[Source "ChessBase"]
[SourceDate "2023.07.31"]
[SourceVersion "1"]
[SourceVersionDate "2023.07.31"]
[SourceQuality "1"]

1. e4 e5 2. Nc3 Nf6 3. Bc4 Nxe4 4. Qh5 Nd6 5. Qxe5+ Qe7 6. Qxe7+ Bxe7 7. Bb3 0-0 8. Nf3 Nc6 9. d4 Nf5 10. d5 Ncd4 11. Nxd4 Nxd4 12. 0-0 d6 13. Re1 Bf6 14. Ne4 Bf5 15. Nxf6+ gxf6 16. c3 Nxb3 17. axb3 Bc2 18. b4 Bb3 19. Re7 Rfe8 20. Rxa7 Kg7 21. Rxa8 Rxe7 22. Be3 Bxd5 23. h3 b6 24. Ra7 Kf8 25. Kh2 Ke8 26. Kg3 Kd7 27. Bxb6 Kc6 28. Bd4 f5 29. Ra8 Re6 30. f3 Rg6+ 31. Kf2 Kb5 32. Rh8 h6 33. Rh7 Kc4 34. h4 Kb3 35. h5 Re6 36. Bg7 Kxb2 37. c4+ Kb3 38. cxd5 Re8 39. Rxh6 Kxb4 40. Rh8 Re7 41. Bf6 Rd7 42. h6 Kc5 43. Rd8 Rxd8 44. Bxd8 Kxd5 45. h7 c5 46. h8Q c4 47. Bc7 Kc5 48. Qf8 f4 49. Qxd6+ Kb5 50. Qd4 f5 51. Bd6 Ka4 52. Qxc4+ Ka5 53. Qb3 Ka6 54. Bc5 Ka5 55. Qb4+ Ka6 56. Qb6# 1-0

[Event "Titled Tuesday intern op 23rd May Early"]
[Site "Chess.com INT"]
[Date "2023.05.23"]
[Round "3"]
[White "Grutter, Tim"]
[Black "Zaitsev, Alexander"]
[Result "0-1"]
[WhiteElo "2338"]
[BlackElo "2473"]
[PlyCount "146"]
[EventDate "2023.05.23"]
[EventType "swiss (blitz)"]
[EventRounds "11"]
[EventCountry "USA"]
[SourceTitle "CBM 214 Extra"]
[Source "ChessBase"]
[SourceDate "2023.07.31"]
[SourceVersion "1"]
[SourceVersionDate "2023.07.31"]
[SourceQuality "1"]

1. e4 c5 2. Nf3 g6 3. c3 Bg7 4. Bd3 Nc6 5. 0-0 e5 6. Bc2 Nge7 7. d3 0-0 8. Re1 d6 9. d4 exd4 10. Bg5 h6 11. Bh4 g5 12. Bg3 f5 13. exf5 Nxf5 14. Qd3 Rf7 15. Na3 a6 16. Nc4 b5 17. Nxd6 Nxd6 18. Bxd6 Bf5 19. Qxf5 Rxf5 20. Bxf5 Qxd6 21. Re6 Qd5 22. g4 Qxf3 23. Rae1 Kf8 24. h3 Ne5 25. Be4 Qf4 26. Bxa8 dxc3 27. bxc3 b4 28. cxb4 cxb4 29. Bd5 Bf6 30. Bb3 Nf3+ 31. Kg2 Nxe1+ 32. Rxe1 Bd4 33. Re2 Kg7 34. Re7+ Kf8 35. Re2 a5 36. Bc4 Bc5 37. Bb3 Qd4 38. Ba4 Bd6 39. Re8+ Kg7 40. Re2 Qf4 41. Re3 Qh2+ 42. Kf1 Qh1+ 43. Ke2 Bf4 44. Re7+ Kf8 45. Re8+ Kf7 46. Rc8 Qxh3 47. Bb3+ Ke7 48. Rh8 Qxg4+ 49. Kf1 Qh3+ 50. Ke2 g4 51. Rh7+ Kf6 52. Rf7+ Ke5 53. Re7+ Kd4 54. Rd7+ Kc3 55. Rf7 Qf3+ 56. Kf1 h5 57. Rd7 h4 58. Bd1 Qh1+ 59. Ke2 Qe4+ 60. Kf1 h3 61. Bxg4 h2 62. Rh7 h1Q+ 63. Rxh1 Qxh1+ 64. Ke2 Qd5 65. Kf1 Qe5 66. Kg2 Bg5 67. Bf3 Qf4 68. Bd5 Bh4 69. f3 Qg3+ 70. Kh1 Qf2 71. f4 Bg3 72. Bg2 Qe1+ 73. Bf1 Qxf1# 0-1

[Event "Titled Tuesday intern op 23rd May Late"]
[Site "Chess.com INT"]
[Date "2023.05.23"]
[Round "9"]
[White "Zaitsev, Alexander"]
[Black "Melikyan, Gnel"]
[Result "0-1"]
[WhiteElo "2473"]
[BlackElo "2238"]
[PlyCount "58"]
[EventDate "2023.05.23"]
[EventType "swiss (blitz)"]
[EventRounds "11"]
[EventCountry "USA"]
[SourceTitle "EXT 2024"]
[Source "ChessBase"]
[SourceDate "2023.10.10"]
[SourceVersion "1"]
[SourceVersionDate "2023.10.10"]
[SourceQuality "1"]

1. e4 e6 2. d4 d5 3. Nc3 dxe4 4. Nxe4 Nd7 5. Nf3 Ngf6 6. Bd3 Nxe4 7. Bxe4 Nf6 8. Bg5 Be7 9. Bxf6 Bxf6 10. Qd3 c6 11. 0-0-0 Qc7 12. h4 Bd7 13. Ne5 h6 14. f4 Rf8 15. Qa3 Be7 16. Qg3 g6 17. Bxg6 fxg6 18. Qxg6+ Kd8 19. Rhe1 Bxh4 20. Nxd7 Qxd7 21. Rxe6 Kc7 22. d5 Rae8 23. f5 Bg5+ 24. Kb1 Rxe6 25. fxe6 Qxd5 26. Qg7+ Kb6 27. Re1 Qxe6 28. Qd4+ Kc7 29. Qg7+ Rf7 0-1

[Event "Titled Tuesday intern op 23rd May Late"]
[Site "Chess.com INT"]
[Date "2023.05.23"]
[Round "6"]
[White "Zaitsev, Alexander"]
[Black "Osiecki, Stanislaw"]
[Result "1-0"]
[WhiteElo "2473"]
[BlackElo "2055"]
[PlyCount "59"]
[EventDate "2023.05.23"]
[EventType "swiss (blitz)"]
[EventRounds "11"]
[EventCountry "USA"]
[SourceTitle "EXT 2024"]
[Source "ChessBase"]
[SourceDate "2023.10.10"]
[SourceVersion "1"]
[SourceVersionDate "2023.10.10"]
[SourceQuality "1"]

1. e4 e6 2. d4 d5 3. Nc3 Bb4 4. e5 c5 5. Bd2 Bxc3 6. Bxc3 cxd4 7. Qxd4 Nc6 8. Qg4 Kf8 9. Nf3 h5 10. Qf4 Nge7 11. Bd3 Kg8 12. 0-0-0 Bd7 13. g4 Ng6 14. Bxg6 fxg6 15. gxh5 gxh5 16. Rhg1 Qf8 17. Qg3 Ne7 18. Nh4 Qf7 19. Bb4 Nf5 20. Nxf5 exf5 21. Rxd5 Be6 22. Rd6 Rh7 23. f4 Rc8 24. Rgd1 Rh6 25. Qg5 Qg6 26. Qe7 Kh7 27. Bc3 Re8 28. Qxb7 Qg4 29. Bd2 Rg6 30. b3 1-0

[Event "Titled Tuesday intern op 02nd May Early"]
[Site "Chess.com INT"]
[Date "2023.05.02"]
[Round "8"]
[White "Nagare, Kaivalya Sandip"]
[Black "Zaitsev, Alexander"]
[Result "1-0"]
[WhiteElo "2085"]
[BlackElo "2473"]
[PlyCount "59"]
[EventDate "2023.05.02"]
[EventType "swiss (blitz)"]
[EventRounds "11"]
[EventCountry "USA"]
[SourceTitle "EXT 2024"]
[Source "ChessBase"]
[SourceDate "2023.10.10"]
[SourceVersion "1"]
[SourceVersionDate "2023.10.10"]
[SourceQuality "1"]

1. e4 d6 2. d4 Nf6 3. Nc3 c6 4. Nf3 Bg4 5. h3 Bh5 6. g4 Bg6 7. Bd3 e6 8. a4 d5 9. e5 Nfd7 10. h4 c5 11. dxc5 Nc6 12. Bf4 Nxc5 13. Bxg6 hxg6 14. Bg3 Ne4 15. Nxe4 dxe4 16. Qxd8+ Rxd8 17. Nd2 Nd4 18. 0-0-0 e3 19. Nb3 Nxb3+ 20. cxb3 Bc5 21. Rxd8+ Kxd8 22. fxe3 Bxe3+ 23. Kc2 Ke7 24. Kd3 Bc5 25. Rc1 Bb6 26. b4 Rd8+ 27. Ke2 Rd4 28. a5 Bd8 29. Bf2 Rxb4 30. Bc5+ 1-0